Application of directional blasting in mining and civil engineering / (Record no. 546062)

000 -LEADER
fixed length control field 00677nam a2200193 a 4500
020 ## - INTERNATIONAL STANDARD BOOK NUMBER
International Standard Book Number 8120500180 :
082 00 - DEWEY DECIMAL CLASSIFICATION NUMBER
Classification number 622/.23
Author Mark CHE
-- L-15 P-70
100 1# - MAIN ENTRY--PERSONAL NAME
Personal name Chernigovskiĭ, A. A.
9 (RLIN) 42084
245 10 - TITLE STATEMENT
Title Application of directional blasting in mining and civil engineering /
Statement of responsibility, etc. A.A. Chernigovskii.
250 ## - EDITION STATEMENT
Edition statement 2nd rev. and enl. ed.
260 ## - PUBLICATION, DISTRIBUTION, ETC.
Place of publication, distribution, etc. New Delhi :
Name of publisher, distributor, etc. Oxonian Press,
Date of publication, distribution, etc. c1985.
300 ## - PHYSICAL DESCRIPTION
Extent xx, 318 p. :
Other physical details ill. ;
Dimensions 24 cm.
500 ## - GENERAL NOTE
General note Translation of: Primenenie napravlennogo vzryva v gornom dele i stroitelʹstve.
526 ## - STUDY PROGRAM INFORMATION NOTE
Program name 0
Interest level 0
Reading level 0
Title point value 622_230000000000000_CHE
650 #0 - SUBJECT ADDED ENTRY--TOPICAL TERM
Topical term or geographic name entry element Blast effect.
9 (RLIN) 42085
650 #0 - SUBJECT ADDED ENTRY--TOPICAL TERM
Topical term or geographic name entry element Blasting.
9 (RLIN) 26995
650 #0 - SUBJECT ADDED ENTRY--TOPICAL TERM
Topical term or geographic name entry element MCE
9 (RLIN) 379
942 ## - ADDED ENTRY ELEMENTS (KOHA)
Source of classification or shelving scheme
Koha item type Book
Holdings
Withdrawn status Lost status Source of classification or shelving scheme Damaged status Not for loan Permanent Location Current Location Date acquired Total Checkouts Full call number Barcode Date last seen Price effective from Koha item type
          Military College of Engineering (MCE) Military College of Engineering (MCE) 06/02/2014   622/.23 CHE MCE-27615 06/02/2014 06/02/2014 Book
© 2023 Central Library, National University of Sciences and Technology. All Rights Reserved.